000 01303nam a22002897a 4500
001 9981
003 FISKH
005 20260423082026.0
008 260323b cb ||||| |||| 00| 0 eng d
020 _a9798988191216
040 _aFISKH
_beng
_cFISKH
_dFISKH
050 _aPZ7
082 _a813
100 _aOrndorff, Breanne
_eAuthor
245 _aSanta comes to Cambodia /
_cWritten by Breanne Orndorff ; illustrated by Diobhas
260 _bBreanne Orndorff ,
_c2024
300 _a30 unnumbered pages :
_bcolor illustrations ;
_c20 x 26 cm
505 _aN
520 _aWhen Santa's sleigh crash-lands in Phnom Penh, Cambodia, an ingenious boy comes up with a plan to help Santa navigate the beautiful country and save Christmas! Join them on their adventure with stops including a boat ride to the islands, a moto ride around Angkor Wat, a rickshaw drive through the mangroves in Kampot, and a return to Phnom Penh on a cyclo where Santa's sleigh is repaired and ready for its next stop in Southeast Asia. Experience a memorable night full of fun and surprises.
521 8 _a550
_bLexile estimate
521 8 _aN
_bRaz-Plus
650 _aChristmas
_vCambodia
650 _aCulture
_vHoliday stories
700 _aDiobhas
_eIllustrator
942 _2ddc
_cBK
_n0
999 _c9981
_d9981